[Event "Grand Swiss "]
[Date "2025.09.11"]
[White "Matlakov, Maxim"]
[Black "Lu, Shanglei"]
[WhiteElo "2609"]
[BlackElo "2647"]
[Round "7.7.34"]
[Result "1/2-1/2"]

1. Nf3 {[%clk 01:40:51] [%emt 00:00:08]} Nf6 {[%clk 01:40:54] [%emt 00:00:07]}
2. c4 {[%clk 01:40:57] [%emt 00:00:24]} e6 {[%clk 01:40:54] [%emt 00:00:31]} 3.
b3 {[%clk 01:40:58] [%emt 00:00:29]} b6 {[%clk 01:39:16] [%emt 00:02:07]} 4. g3
{[%clk 01:40:22] [%emt 00:01:05]} Bb7 {[%clk 01:38:49] [%emt 00:00:57]} 5. Bg2
{[%clk 01:40:42] [%emt 00:00:10]} d5 {[%clk 01:39:02] [%emt 00:00:17]} 6. Bb2
{[%clk 01:39:04] [%emt 00:02:08]} Nbd7 {[%clk 01:35:43] [%emt 00:03:49]} 7. O-O
{[%clk 01:37:50] [%emt 00:01:44]} Bd6 {[%clk 01:35:29] [%emt 00:00:44]} 8. Nc3
{[%clk 01:36:04] [%emt 00:02:16]} O-O {[%clk 01:28:28] [%emt 00:07:31]} 9. e3
{[%clk 01:34:27] [%emt 00:02:08]} c5 {[%clk 01:24:53] [%emt 00:04:05]} 10. Qe2
{[%clk 01:23:17] [%emt 00:11:41]} Qe7 {[%clk 01:20:02] [%emt 00:05:20]} 11. Nh4
{[%clk 01:17:07] [%emt 00:06:39]} g6 {[%clk 01:15:00] [%emt 00:05:33]} 12. Rfd1
{[%clk 01:14:36] [%emt 00:03:00]} Rac8 {[%clk 01:06:03] [%emt 00:09:27]} 13.
Rac1 {[%clk 01:08:30] [%emt 00:06:37]} Rfd8 {[%clk 01:02:56] [%emt 00:03:37]}
14. cxd5 {[%clk 01:01:21] [%emt 00:07:39]} exd5 {[%clk 00:57:00] [%emt
00:06:26]} 15. d4 {[%clk 00:57:05] [%emt 00:04:45]} Qe6 {[%clk 00:51:49] [%emt
00:05:42]} 16. dxc5 {[%clk 00:48:20] [%emt 00:09:15]} bxc5 {[%clk 00:50:55]
[%emt 00:01:24]} 17. Qd2 {[%clk 00:44:08] [%emt 00:04:42]} Nb6 {[%clk 00:48:47]
[%emt 00:02:38]} 18. a4 {[%clk 00:43:39] [%emt 00:00:59]} Be7 {[%clk 00:45:28]
[%emt 00:03:49]} 19. a5 {[%clk 00:41:40] [%emt 00:02:30]} Na8 {[%clk 00:45:39]
[%emt 00:00:18]} 20. Na4 {[%clk 00:36:37] [%emt 00:05:33]} Ne4 {[%clk 00:31:01]
[%emt 00:15:09]} 21. Bxe4 {[%clk 00:30:21] [%emt 00:06:45]} dxe4 {[%clk
00:29:52] [%emt 00:01:39]} 22. Qc3 {[%clk 00:29:54] [%emt 00:00:57]} Rxd1+
{[%clk 00:30:18] [%emt 00:00:04]} 23. Rxd1 {[%clk 00:30:17] [%emt 00:00:07]} f6
{[%clk 00:30:46] [%emt 00:00:01]} 24. Ng2 {[%clk 00:24:42] [%emt 00:06:05]} g5
{[%clk 00:30:08] [%emt 00:01:09]} 25. h4 {[%clk 00:22:47] [%emt 00:02:25]} gxh4
{[%clk 00:20:34] [%emt 00:10:04]} 26. Nf4 {[%clk 00:17:09] [%emt 00:06:07]} Qg4
{[%clk 00:20:40] [%emt 00:00:25]} 27. Qc4+ {[%clk 00:10:12] [%emt 00:07:27]} Kf8
{[%clk 00:21:09]} 28. Rd2 {[%clk 00:01:37] [%emt 00:09:05]} hxg3 {[%clk
00:20:52] [%emt 00:00:47]} 29. f3 {[%clk 00:01:43] [%emt 00:00:24]} Qxf3 {[%clk
00:13:08] [%emt 00:08:14]} 30. Ne6+ {[%clk 00:02:09] [%emt 00:00:04]} Ke8 {[%clk
00:13:34] [%emt 00:00:03]} 31. Ng7+ {[%clk 00:02:32] [%emt 00:00:08]} Kf8 {[%clk
00:13:59] [%emt 00:00:04]} 32. Ne6+ {[%clk 00:02:55] [%emt 00:00:07]} Ke8 {[%clk
00:14:24] [%emt 00:00:05]} 33. Ng7+ {[%clk 00:03:15] [%emt 00:00:11]} 1/2-1/2

[Site "Europe Echecs"]

[Event "Grand Swiss "]
[Date "2025.09.11"]
[White "Ivanchuk, Vasyl"]
[Black "Vokhidov, Shamsiddin"]
[WhiteElo "2608"]
[BlackElo "2645"]
[Round "7.7.35"]
[Result "1/2-1/2"]

1. d4 {[%clk 01:40:53] [%emt 00:00:05]} Nf6 {[%clk 01:40:49] [%emt 00:00:12]} 2.
c4 {[%clk 01:41:16] [%emt 00:00:07]} e6 {[%clk 01:41:14] [%emt 00:00:04]} 3. Nc3
{[%clk 01:41:43] [%emt 00:00:04]} Bb4 {[%clk 01:41:38] [%emt 00:00:06]} 4. Qc2
{[%clk 01:42:09] [%emt 00:00:03]} c5 {[%clk 01:41:26] [%emt 00:00:43]} 5. dxc5
{[%clk 01:42:32] [%emt 00:00:06]} O-O {[%clk 01:41:52] [%emt 00:00:04]} 6. a3
{[%clk 01:42:31] [%emt 00:00:31]} Bxc5 {[%clk 01:42:19] [%emt 00:00:04]} 7. Nf3
{[%clk 01:42:56] [%emt 00:00:05]} d5 {[%clk 01:42:44] [%emt 00:00:05]} 8. Bf4
{[%clk 01:36:07] [%emt 00:07:18]} d4 {[%clk 01:28:07] [%emt 00:15:08]} 9. O-O-O
{[%clk 01:21:43] [%emt 00:14:54]} Nbd7 {[%clk 01:27:19] [%emt 00:01:18]} 10. Nb5
{[%clk 00:51:47] [%emt 00:30:26]} a6 {[%clk 01:14:12] [%emt 00:13:37]} 11. Nbxd4
{[%clk 00:36:15] [%emt 00:16:02]} e5 {[%clk 00:55:16] [%emt 00:19:25]} 12. Nxe5
{[%clk 00:31:21] [%emt 00:05:24]} Nxe5 {[%clk 00:55:42] [%emt 00:00:05]} 13.
Bxe5 {[%clk 00:31:42] [%emt 00:00:08]} Ng4 {[%clk 00:56:10] [%emt 00:00:02]} 14.
Bg3 {[%clk 00:31:26] [%emt 00:00:46]} Bxd4 {[%clk 00:56:01] [%emt 00:00:40]} 15.
e3 {[%clk 00:31:02] [%emt 00:00:53]} Nxe3 {[%clk 00:43:06] [%emt 00:13:26]} 16.
fxe3 {[%clk 00:30:54] [%emt 00:00:37]} Bxe3+ {[%clk 00:43:34] [%emt 00:00:03]}
17. Kb1 {[%clk 00:31:18] [%emt 00:00:06]} Qg5 {[%clk 00:36:27] [%emt 00:07:36]}
18. Bd3 {[%clk 00:23:27] [%emt 00:08:21]} g6 {[%clk 00:31:01] [%emt 00:05:57]}
19. Be4 {[%clk 00:21:46] [%emt 00:02:10]} Bf4 {[%clk 00:26:08] [%emt 00:05:24]}
20. Qf2 {[%clk 00:12:47] [%emt 00:09:27]} Bxg3 {[%clk 00:21:41] [%emt 00:04:59]}
21. Qxg3 {[%clk 00:12:52] [%emt 00:00:24]} Qxg3 {[%clk 00:20:56] [%emt
00:01:15]} 22. hxg3 {[%clk 00:13:18] [%emt 00:00:04]} Re8 {[%clk 00:21:15] [%emt
00:00:11]} 23. Rh4 {[%clk 00:10:33] [%emt 00:03:15]} Kg7 {[%clk 00:17:55] [%emt
00:03:50]} 24. Bf3 {[%clk 00:09:28] [%emt 00:01:34]} Re7 {[%clk 00:17:14] [%emt
00:01:12]} 25. b4 {[%clk 00:07:20] [%emt 00:02:38]} Be6 {[%clk 00:15:03] [%emt
00:02:41]} 26. Kb2 {[%clk 00:03:31] [%emt 00:04:20]} Rc7 {[%clk 00:14:18] [%emt
00:01:15]} 27. c5 {[%clk 00:02:22] [%emt 00:01:38]} a5 {[%clk 00:14:18] [%emt
00:00:31]} 28. Rd6 {[%clk 00:02:39] [%emt 00:00:11]} axb4 {[%clk 00:14:33] [%emt
00:00:16]} 29. axb4 {[%clk 00:03:08]} Ra2+ {[%clk 00:14:38] [%emt 00:00:25]} 30.
Kc3 {[%clk 00:03:36] [%emt 00:00:02]} Ra3+ {[%clk 00:12:40] [%emt 00:02:29]} 31.
Kd2 {[%clk 00:04:00]} Ra2+ {[%clk 00:11:09] [%emt 00:02:05]} 32. Ke3 {[%clk
00:03:55] [%emt 00:00:33]} Bf5 {[%clk 00:07:25] [%emt 00:04:16]} 33. Rhd4 {[%clk
00:02:59] [%emt 00:01:25]} Re7+ {[%clk 00:06:42] [%emt 00:01:15]} 34. Kf4 {[%clk
00:03:27] [%emt 00:00:01]} h5 {[%clk 00:07:04] [%emt 00:00:08]} 35. Bxh5 {[%clk
00:01:07] [%emt 00:02:49]} gxh5 {[%clk 00:05:50] [%emt 00:01:45]} 36. Kxf5
{[%clk 00:01:36] [%emt 00:00:01]} Rxg2 {[%clk 00:06:13] [%emt 00:00:08]} 37. Kg5
{[%clk 00:00:32] [%emt 00:01:34]} Rxg3+ {[%clk 00:05:30] [%emt 00:01:13]} 38.
Kxh5 {[%clk 00:00:41] [%emt 00:00:21]} Re8 {[%clk 00:04:18] [%emt 00:01:42]}
1/2-1/2

[Site "Europe Echecs"]

[Event "Grand Swiss "]
[Date "2025.09.11"]
[White "Samunenkov, Ihor"]
[Black "Salem, A.R. Saleh"]
[WhiteElo "2550"]
[BlackElo "2640"]
[Round "7.7.36"]
[Result "0-1"]

1. e4 {[%clk 01:40:55] [%emt 00:00:04]} c5 {[%clk 01:40:51] [%emt 00:00:09]} 2.
c3 {[%clk 01:41:15] [%emt 00:00:10]} Nf6 {[%clk 01:41:12] [%emt 00:00:09]} 3. e5
{[%clk 01:41:37] [%emt 00:00:07]} Nd5 {[%clk 01:41:37] [%emt 00:00:05]} 4. Bc4
{[%clk 01:41:58] [%emt 00:00:10]} Nb6 {[%clk 01:41:38] [%emt 00:00:29]} 5. Bb3
{[%clk 01:42:20] [%emt 00:00:08]} d6 {[%clk 01:41:40] [%emt 00:00:29]} 6. exd6
{[%clk 01:42:30] [%emt 00:00:19]} Qxd6 {[%clk 01:41:37] [%emt 00:00:33]} 7. Na3
{[%clk 01:42:34] [%emt 00:00:26]} a6 {[%clk 01:41:13] [%emt 00:00:54]} 8. Nf3
{[%clk 01:42:17] [%emt 00:00:47]} Nc6 {[%clk 01:41:03] [%emt 00:00:40]} 9. O-O
{[%clk 01:42:31] [%emt 00:00:16]} e6 {[%clk 01:38:26] [%emt 00:03:07]} 10. d4
{[%clk 01:41:28] [%emt 00:01:33]} cxd4 {[%clk 01:38:17] [%emt 00:00:40]} 11.
cxd4 {[%clk 01:41:48] [%emt 00:00:09]} Be7 {[%clk 01:37:58] [%emt 00:00:49]} 12.
Nb1 {[%clk 01:41:52] [%emt 00:00:26]} Nd5 {[%clk 01:36:20] [%emt 00:02:08]} 13.
Nbd2 {[%clk 01:28:18] [%emt 00:14:03]} O-O {[%clk 01:35:44] [%emt 00:01:07]} 14.
Ne4 {[%clk 01:19:55] [%emt 00:08:53]} Qc7 {[%clk 01:29:49] [%emt 00:06:24]} 15.
Bg5 {[%clk 01:10:21] [%emt 00:10:05]} Bxg5 {[%clk 01:25:27] [%emt 00:04:52]} 16.
Nexg5 {[%clk 01:02:50] [%emt 00:08:00]} h6 {[%clk 01:24:23] [%emt 00:01:35]} 17.
Ne4 {[%clk 01:03:04] [%emt 00:00:16]} Qd8 {[%clk 01:20:21] [%emt 00:04:33]} 18.
Ne5 {[%clk 00:46:08] [%emt 00:17:25]} Nce7 {[%clk 01:20:36] [%emt 00:00:15]} 19.
Nc3 {[%clk 00:46:31] [%emt 00:00:07]} Nf6 {[%clk 01:14:51] [%emt 00:06:15]} 20.
Qd3 {[%clk 00:38:17] [%emt 00:08:45]} Bd7 {[%clk 01:11:51] [%emt 00:03:29]} 21.
Rfd1 {[%clk 00:33:25] [%emt 00:05:21]} Bc6 {[%clk 01:03:32] [%emt 00:08:51]} 22.
Nxc6 {[%clk 00:33:17] [%emt 00:00:38]} bxc6 {[%clk 01:03:24] [%emt 00:00:37]}
23. Rac1 {[%clk 00:33:17] [%emt 00:00:29]} Qb8 {[%clk 01:00:32] [%emt 00:03:23]}
24. Ne4 {[%clk 00:30:46] [%emt 00:03:00]} Nxe4 {[%clk 00:51:32] [%emt 00:09:31]}
25. Qxe4 {[%clk 00:30:01] [%emt 00:01:15]} Ra7 {[%clk 00:46:00] [%emt 00:06:02]}
26. h4 {[%clk 00:28:59] [%emt 00:01:32]} Rd8 {[%clk 00:44:29] [%emt 00:02:01]}
27. g3 {[%clk 00:17:37] [%emt 00:11:51]} Rad7 {[%clk 00:41:39] [%emt 00:03:21]}
28. Kg2 {[%clk 00:17:03] [%emt 00:01:04]} Rd6 {[%clk 00:37:06] [%emt 00:05:03]}
29. Rc5 {[%clk 00:12:55] [%emt 00:04:37]} Qb4 {[%clk 00:31:42] [%emt 00:05:54]}
30. Rc4 {[%clk 00:12:34] [%emt 00:00:52]} Qb6 {[%clk 00:32:07] [%emt 00:00:05]}
31. g4 {[%clk 00:10:36] [%emt 00:02:28]} Rd5 {[%clk 00:32:32] [%emt 00:00:05]}
32. Ra4 {[%clk 00:09:47] [%emt 00:01:18]} R5d6 {[%clk 00:19:53] [%emt 00:13:09]}
33. h5 {[%clk 00:09:20] [%emt 00:00:57]} Nd5 {[%clk 00:19:35] [%emt 00:00:49]}
34. Qe5 {[%clk 00:08:10] [%emt 00:01:41]} Qb7 {[%clk 00:17:01] [%emt 00:03:03]}
35. f3 {[%clk 00:07:40] [%emt 00:00:59]} Nf6 {[%clk 00:10:13] [%emt 00:07:18]}
36. Kg3 {[%clk 00:07:06] [%emt 00:01:04]} Qb6 {[%clk 00:08:14] [%emt 00:02:30]}
37. Kh3 {[%clk 00:05:44] [%emt 00:01:52]} Qb7 {[%clk 00:06:28] [%emt 00:02:15]}
38. Kg3 {[%clk 00:05:41] [%emt 00:00:33]} Nd5 {[%clk 00:06:19] [%emt 00:00:39]}
39. Rd2 {[%clk 00:02:31] [%emt 00:03:41]} Nc7 {[%clk 00:01:34] [%emt 00:05:15]}
40. Rc4 {[%clk 00:00:39] [%emt 00:02:21]} Rd5 {[%clk 00:01:18] [%emt 00:00:47]}
41. Qe4 {[%clk 00:41:41] [%emt 00:09:24]} Ne8 {[%clk 00:43:35] [%emt 00:08:16]}
42. Rcc2 {[%clk 00:24:56] [%emt 00:17:15]} Nf6 {[%clk 00:40:37] [%emt 00:03:28]}
43. Qe3 {[%clk 00:23:09] [%emt 00:02:17]} Rg5 {[%clk 00:35:19] [%emt 00:05:47]}
44. Rc5 {[%clk 00:18:28] [%emt 00:05:13]} Qc7+ {[%clk 00:33:15] [%emt 00:02:34]}
45. Re5 {[%clk 00:05:26] [%emt 00:13:32]} c5 {[%clk 00:17:37] [%emt 00:16:08]}
46. Kh3 {[%clk 00:04:51] [%emt 00:01:04]} cxd4 {[%clk 00:16:13] [%emt 00:01:55]}
47. Rxd4 {[%clk 00:05:15] [%emt 00:00:05]} Rxd4 {[%clk 00:16:16] [%emt
00:00:28]} 48. Rxg5 {[%clk 00:05:40] [%emt 00:00:04]} Qd6 {[%clk 00:16:10] [%emt
00:00:36]} 49. Ra5 {[%clk 00:04:07] [%emt 00:02:03]} Nxg4 {[%clk 00:14:03] [%emt
00:02:37]} 50. Qe2 {[%clk 00:03:40] [%emt 00:00:57]} Rd2 {[%clk 00:07:15] [%emt
00:07:18]} 51. Rxa6 {[%clk 00:03:58] [%emt 00:00:12]} Qd8 {[%clk 00:07:37] [%emt
00:00:07]} 52. Qe1 {[%clk 00:03:27] [%emt 00:01:02]} Rh2+ {[%clk 00:07:44] [%emt
00:00:23]} 0-1

[Site "Europe Echecs"]

[Event "Grand Swiss "]
[Date "2025.09.11"]
[White "Xiong, Jeffery"]
[Black "Aditya Mittal"]
[WhiteElo "2640"]
[BlackElo "2589"]
[Round "7.7.37"]
[Result "1/2-1/2"]

1. e4 {[%clk 01:40:54] [%emt 00:00:05]} e5 {[%clk 01:40:59] [%emt 00:00:03]} 2.
Nf3 {[%clk 01:41:05] [%emt 00:00:18]} Nf6 {[%clk 01:41:27] [%emt 00:00:03]} 3.
Nxe5 {[%clk 01:39:39] [%emt 00:01:55]} d6 {[%clk 01:41:56] [%emt 00:00:02]} 4.
Nf3 {[%clk 01:39:51] [%emt 00:00:17]} Nxe4 {[%clk 01:42:23] [%emt 00:00:03]} 5.
d4 {[%clk 01:39:10] [%emt 00:01:10]} d5 {[%clk 01:42:52] [%emt 00:00:03]} 6. Bd3
{[%clk 01:39:27] [%emt 00:00:12]} Bd6 {[%clk 01:43:20] [%emt 00:00:03]} 7. O-O
{[%clk 01:38:45] [%emt 00:01:11]} O-O {[%clk 01:43:47] [%emt 00:00:03]} 8. c4
{[%clk 01:38:14] [%emt 00:01:00]} c6 {[%clk 01:44:16] [%emt 00:00:02]} 9. Nc3
{[%clk 01:37:28] [%emt 00:01:16]} Nxc3 {[%clk 01:44:30] [%emt 00:00:17]} 10.
bxc3 {[%clk 01:37:53] [%emt 00:00:03]} dxc4 {[%clk 01:44:53] [%emt 00:00:08]}
11. Bxc4 {[%clk 01:38:12] [%emt 00:00:10]} Bf5 {[%clk 01:45:17] [%emt 00:00:06]}
12. Bg5 {[%clk 01:37:32] [%emt 00:01:09]} Qa5 {[%clk 01:45:19] [%emt 00:00:28]}
13. d5 {[%clk 01:36:30] [%emt 00:01:32]} Be4 {[%clk 01:37:14] [%emt 00:08:36]}
14. dxc6 {[%clk 01:36:21] [%emt 00:00:38]} Bxf3 {[%clk 01:37:19] [%emt
00:00:26]} 15. Qxf3 {[%clk 01:36:40] [%emt 00:00:10]} Nxc6 {[%clk 01:37:47]
[%emt 00:00:03]} 16. Bd5 {[%clk 01:34:30] [%emt 00:02:40]} h6 {[%clk 01:35:02]
[%emt 00:03:15]} 17. Be3 {[%clk 01:09:18] [%emt 00:25:41]} Rad8 {[%clk 01:34:57]
[%emt 00:00:35]} 18. Bxc6 {[%clk 01:06:22] [%emt 00:03:27]} bxc6 {[%clk
01:34:58] [%emt 00:00:30]} 19. Qxc6 {[%clk 01:06:40] [%emt 00:00:11]} Be5 {[%clk
01:27:54] [%emt 00:07:35]} 20. Qc5 {[%clk 00:53:03] [%emt 00:14:07]} Qxc3 {[%clk
01:27:10] [%emt 00:01:14]} 21. Rab1 {[%clk 00:47:58] [%emt 00:05:34]} Rd7 {[%clk
01:04:52] [%emt 00:22:50]} 22. Qxc3 {[%clk 00:42:19] [%emt 00:06:09]} Bxc3
{[%clk 01:04:43] [%emt 00:00:39]} 23. Rfd1 {[%clk 00:42:41] [%emt 00:00:06]}
Rfd8 {[%clk 01:01:24] [%emt 00:03:50]} 24. Rxd7 {[%clk 00:41:27] [%emt
00:01:45]} Rxd7 {[%clk 01:01:53] [%emt 00:00:02]} 25. Kf1 {[%clk 00:41:30] [%emt
00:00:26]} Rd5 {[%clk 00:45:56] [%emt 00:16:26]} 26. Rb3 {[%clk 00:11:53] [%emt
00:30:07]} Bd2 {[%clk 00:45:42] [%emt 00:00:45]} 27. Bxa7 {[%clk 00:10:24] [%emt
00:01:59]} Ra5 {[%clk 00:45:36] [%emt 00:00:35]} 28. Rb8+ {[%clk 00:04:38] [%emt
00:06:15]} Kh7 {[%clk 00:46:04] [%emt 00:00:02]} 29. Rb7 {[%clk 00:05:03] [%emt
00:00:05]} Kg8 {[%clk 00:42:05] [%emt 00:04:30]} 30. Rb2 {[%clk 00:05:07] [%emt
00:00:26]} Bc3 {[%clk 00:41:54] [%emt 00:00:41]} 31. Bb6 {[%clk 00:04:51] [%emt
00:00:46]} Ra6 {[%clk 00:42:12] [%emt 00:00:13]} 32. Rb3 {[%clk 00:04:58] [%emt
00:00:24]} Bf6 {[%clk 00:41:58] [%emt 00:00:43]} 33. a3 {[%clk 00:05:21] [%emt
00:00:07]} Be7 {[%clk 00:42:23] [%emt 00:00:06]} 1/2-1/2

[Site "Europe Echecs"]

[Event "Grand Swiss "]
[Date "2025.09.11"]
[White "Nigmatov, Ortik"]
[Black "Chigaev, Maksim"]
[WhiteElo "2488"]
[BlackElo "2638"]
[Round "7.7.38"]
[Result "0-1"]

1. e4 {[%clk 01:40:56] [%emt 00:00:03]} c5 {[%clk 01:40:51] [%emt 00:00:09]} 2.
Nf3 {[%clk 01:41:11] [%emt 00:00:15]} e6 {[%clk 01:41:12] [%emt 00:00:09]} 3. d4
{[%clk 01:41:24] [%emt 00:00:17]} cxd4 {[%clk 01:41:33] [%emt 00:00:09]} 4. Nxd4
{[%clk 01:41:47] [%emt 00:00:07]} Nf6 {[%clk 01:41:55] [%emt 00:00:08]} 5. Nc3
{[%clk 01:42:11] [%emt 00:00:06]} Bb4 {[%clk 01:42:17] [%emt 00:00:07]} 6. e5
{[%clk 01:41:45] [%emt 00:00:56]} Nd5 {[%clk 01:42:39] [%emt 00:00:07]} 7. Qg4
{[%clk 01:41:56] [%emt 00:00:19]} Kf8 {[%clk 01:42:56] [%emt 00:00:13]} 8. Qg3
{[%clk 01:38:51] [%emt 00:03:36]} Nc6 {[%clk 01:13:44] [%emt 00:29:42]} 9. Nxc6
{[%clk 01:36:44] [%emt 00:02:37]} bxc6 {[%clk 01:13:48] [%emt 00:00:26]} 10. Bd2
{[%clk 01:36:26] [%emt 00:00:47]} Qa5 {[%clk 01:14:00] [%emt 00:00:19]} 11. a3
{[%clk 01:16:33] [%emt 00:20:23]} Ba6 {[%clk 01:02:24] [%emt 00:12:05]} 12. Bxa6
{[%clk 01:11:36] [%emt 00:05:28]} Qxa6 {[%clk 01:01:25] [%emt 00:01:29]} 13. Ne4
{[%clk 01:10:24] [%emt 00:01:42]} Be7 {[%clk 00:55:09] [%emt 00:06:46]} 14. b3
{[%clk 01:06:55] [%emt 00:04:00]} f5 {[%clk 00:53:13] [%emt 00:02:26]} 15. Nd6
{[%clk 00:57:41] [%emt 00:09:43]} Bxd6 {[%clk 00:51:57] [%emt 00:01:46]} 16.
exd6 {[%clk 00:58:02] [%emt 00:00:09]} Nf6 {[%clk 00:47:53] [%emt 00:04:34]} 17.
Bc3 {[%clk 00:54:51] [%emt 00:03:41]} Kf7 {[%clk 00:47:33] [%emt 00:00:50]} 18.
a4 {[%clk 00:45:11] [%emt 00:10:10]} Rab8 {[%clk 00:43:57] [%emt 00:04:06]} 19.
Qe5 {[%clk 00:39:21] [%emt 00:06:19]} c5 {[%clk 00:34:47] [%emt 00:09:41]} 20.
g4 {[%clk 00:14:33] [%emt 00:25:17]} fxg4 {[%clk 00:21:01] [%emt 00:14:16]} 21.
O-O-O {[%clk 00:14:36] [%emt 00:00:27]} h5 {[%clk 00:14:41] [%emt 00:06:50]} 22.
f3 {[%clk 00:10:23] [%emt 00:04:44]} Qc6 {[%clk 00:03:12] [%emt 00:11:59]} 23.
Rhf1 {[%clk 00:08:09] [%emt 00:02:44]} g3 {[%clk 00:01:24] [%emt 00:02:18]} 24.
Qxg3 {[%clk 00:08:24] [%emt 00:00:14]} h4 {[%clk 00:01:21] [%emt 00:00:34]} 25.
Qg2 {[%clk 00:08:19] [%emt 00:00:34]} Rbg8 {[%clk 00:00:43] [%emt 00:01:08]} 26.
Rg1 {[%clk 00:08:48] [%emt 00:00:02]} Rh6 {[%clk 00:00:32] [%emt 00:00:41]} 27.
Bd2 {[%clk 00:09:11] [%emt 00:00:06]} h3 {[%clk 00:00:38] [%emt 00:00:24]} 28.
Qg3 {[%clk 00:08:59] [%emt 00:00:42]} c4 {[%clk 00:00:34] [%emt 00:00:35]} 29.
Kb2 {[%clk 00:07:30] [%emt 00:01:59]} g5 {[%clk 00:00:39] [%emt 00:00:25]} 30.
Qe5 {[%clk 00:06:10] [%emt 00:01:49]} Rh5 {[%clk 00:00:50] [%emt 00:00:19]} 31.
Bc3 {[%clk 00:06:11] [%emt 00:00:29]} Rg6 {[%clk 00:01:15] [%emt 00:00:05]} 32.
Qa5 {[%clk 00:03:24] [%emt 00:03:18]} Nd5 {[%clk 00:00:55] [%emt 00:00:50]} 33.
Rxd5 {[%clk 00:01:02] [%emt 00:02:51]} exd5 {[%clk 00:01:15] [%emt 00:00:10]}
34. Qxa7 {[%clk 00:00:43] [%emt 00:00:50]} Rh4 {[%clk 00:00:46] [%emt 00:00:59]}
35. Re1 {[%clk 00:00:32] [%emt 00:00:41]} Qxd6 {[%clk 00:00:57] [%emt 00:00:19]}
36. Bb4 {[%clk 00:00:46] [%emt 00:00:16]} c3+ {[%clk 00:00:53] [%emt 00:00:33]}
37. Bxc3 {[%clk 00:01:15] [%emt 00:00:02]} Re6 {[%clk 00:00:40] [%emt 00:00:43]}
38. Rd1 {[%clk 00:01:43] [%emt 00:00:02]} d4 {[%clk 00:00:33] [%emt 00:00:37]}
39. Bxd4 {[%clk 00:01:46] [%emt 00:00:27]} Re2 {[%clk 00:00:54] [%emt 00:00:09]}
40. Rd3 {[%clk 00:01:06] [%emt 00:01:10]} Rxh2 {[%clk 00:01:00] [%emt 00:00:24]}
41. Bf2 {[%clk 00:45:22] [%emt 00:06:14]} Qf6+ {[%clk 00:28:20] [%emt 00:23:09]}
42. Ka2 {[%clk 00:45:32] [%emt 00:00:19]} Kg6 {[%clk 00:18:08] [%emt 00:10:44]}
43. Qb8 {[%clk 00:25:32] [%emt 00:20:30]} Rh1 {[%clk 00:13:02] [%emt 00:05:36]}
44. Qg8+ {[%clk 00:18:04] [%emt 00:07:57]} Kh6 {[%clk 00:13:24] [%emt 00:00:08]}
45. c3 {[%clk 00:18:12] [%emt 00:00:22]} Rh2 {[%clk 00:11:23] [%emt 00:02:31]}
46. Rd2 {[%clk 00:15:50] [%emt 00:02:53]} Rxf2 {[%clk 00:09:35] [%emt 00:02:18]}
47. Rxf2 {[%clk 00:16:15] [%emt 00:00:05]} h2 {[%clk 00:10:01] [%emt 00:00:04]}
48. f4 {[%clk 00:16:22] [%emt 00:00:22]} g4 {[%clk 00:10:25] [%emt 00:00:07]}
49. Rd2 {[%clk 00:15:39] [%emt 00:01:13]} h1=Q {[%clk 00:10:39] [%emt 00:00:15]}
50. Rxd7 {[%clk 00:15:50] [%emt 00:00:20]} Rh2+ {[%clk 00:10:39] [%emt
00:00:29]} 0-1

[Site "Europe Echecs"]